000 00668nam a22002417a 4500
008 131129b xxu||||| |||| 00| 0 eng d
020 _a1587780933
041 0 _aeng
080 _a347
100 1 _aRau, Alan Scott
245 1 0 _aNegotiation /
_cAlan Scott Rau, Edward F. Sherman, Scott R. Peppet
250 _asecond edition
260 _aNew York :
_bFoundation press ;
_c2002.
300 _a349 f. :
_c26 cm.
490 _aUniversity casebook series
500 _aPreface : f. III-IV
505 _aIncludes appendix.
650 0 _aE drejta civile
650 0 _aNegociatat
700 1 _aSherman, Edward F.
700 1 _aPeppet, Scott R.
942 _2udc
_cBK
999 _c372
_d372